000 00638nam a22002297a 4500
003 UA-OsUOA
001 87191
007 ta
008 20120915b un ||||| |||| 00| 0 ukr d
100 _aЛинков В. Я.
090 _a82.09
_bЛ59
942 _cBK
040 _aUA-OsUOA
_brus
_cUA-OsUOA
_dUA-OsUOA
245 _aХудожественный мир прозы А. П. Чехова
300 _a126 с.
955 _a1
041 _arus
080 _a82.09
260 _aМ.
_bИ-во Московского у-та
_c1982
650 7 _a82 Література. Літературознавство
_2UDC
999 _c373482
_d373482